00509nam a22001457a 4500008004100000020001800041040005500059080002700114245011200141260005300253300001000306650001300316653001300329700002100342230609b |||||||| |||| 00| 0 eng d a90-277-1124-0 aNational Science LibrarycNational Science Library a621.039.633(082.2)bM0 aHydrogen as an energy vectorc/Proceeding of the international seminar held in brussels 12-14 February 1980 aDordrecht: bD Reidel Publishing Company, c1980 a703p. aSeminar  aHydrogen aStrub, A A (Ed.)